000 003680000a22001450004500
003 MACL
040 _aMACL
090 _c45221
_d45219
100 _aPandey, DC
245 _aObjective Approach To Physics Volume 2
_bElectricity Magnetism Optics Modern Physics
260 _bArihant Prakashan,Meerut
350 _a425
650 _aEngineering
942 _cBOOK
_k530/PAN
999 _c44757
_d44757